The survey of Sais (Sa el-Hagar) 1997-2002

Αποθηκεύτηκε σε:
Λεπτομέρειες βιβλιογραφικής εγγραφής
Κύριος συγγραφέας: Wilson, Penelope
Μορφή: Βιβλίο
Γλώσσα:English
Δημοσίευση: London : Egypt Exploration Society, [c2006]
Σειρά:Excavation memoir ; ; 77
Θέματα:
Ετικέτες: Προσθήκη ετικέτας
Δεν υπάρχουν, Καταχωρήστε ετικέτα πρώτοι!

MARC

LEADER 00000nam a2200000 i 4500
001 1/74216
008 080211s2006 eng d
020 |a 0-85698-175-3 
035 |l 10094586 
040 |a GR-MY-UA  |b gre  |e aacr 
041 0 |a eng 
082 0 |a 962.1  |2 (22) 
100 1 |a Wilson, Penelope. 
245 1 4 |a The survey of Sais (Sa el-Hagar) 1997-2002 /  |c by Penelope Wilson 
260 |a London :   |b Egypt Exploration Society,   |c [c2006] 
300 |a xviii, 336, [40] σ.;  |c 30 εκ. 
490 1 |a Excavation memoir  |v ; 77 
504 |a Περιλαμβάνει βιβλιογραφίες και ευρετήριο 
650 0 0 |a Excavations (Archaeology)  |z Egypt  |z Sa al-Hajar. 
651 0 |a Sa al-Hajar  |x Antiquities. 
830 0 |a Excavation memoir ;  |v ; 77 
852 |a INST  |b RHODES  |e 20080211  |h 962.1 WIL  |p 005400029989  |q 005400029989  |t BK  |y 0 
901 |a BIBL4-2008-1 
909 |a Ρ  |b 145342 
922 |a 4ΕΛΗ  |b 200801  |c ΕΠΕΑΕΚ2/ΤΜΣ  |d ΠΑΠΑΣΩΤΗΡΙΟΥ 
970 |a ΚΟΖΑ  |b ΜΑΡΙΑ  |z 2008/02/11